How to master skills for the toefl wrting advanced

Na minha lista:
Detalhes bibliográficos
Formato: Livro
Publicado em: 2008
Tags: Adicionar Tag
Sem tags, seja o primeiro a adicionar uma tag!
Thư viện lưu trữ: Mạng thư viện Đại học Đà Nẵng
LEADER 00471nam a22001811a 4500
001 000038352
003 14647
005 20160412021300.0
008 160412s2008 000
082 |a 4A(07)2349-52 
245 |a How to master skills for the toefl wrting advanced  |c M.A.Putlack, Will Link 
260 |c 2008 
OWN |a LNN 
999 |a From the UDN01 
TYP |a Monograph 
980 |a Mạng thư viện Đại học Đà Nẵng